000 00651nam a2200277Ia 4500
005 20260324134812.0
008 008 260324s9999 xx 000 0 eng d
020 _a9780429178009
037 _aEBOOK
040 _aCRL
040 _beng
040 _cCRL
041 _2eng
041 _aeng
084 _qCRL
100 _aW.J. Carr Jr.
_91198212
245 0 _aAC Loss and Macroscopic Theory of Superconductors
260 _bTaylor and Francis
260 _c2001
365 _a
365 _b400
856 _uhttp://www.taylorfrancis.com/books/9780429178009
942 _cEBOOK
999 _c1798649
_d1798649